| 000 | 00560nam a2200169 i 4500 | ||
|---|---|---|---|
| 001 | 27625 | ||
| 003 | ES-MaACL | ||
| 005 | 20230906153651.0 | ||
| 007 | t| | ||
| 008 | 030115s1802 fr ||||1| fre d | ||
| 100 | 1 |
_aAudebert, J. B. _923842 |
|
| 245 | 1 | 0 |
_aHistoire naturelle et generale des colibris oiseaux-mouches, jacamars et promerops / _cpar J. B. Audebert et L. P. Vieillot. |
| 260 |
_aParis : _b[s.n., _c1802] ( _fImp. de Crapelet) |
||
| 300 |
_a2 v. ; _c51 cm. |
||
| 700 | 1 |
_aVieillot, L. P. _9114565 |
|
| 852 |
_aES-MaACL _jR-2689-90 _xOlim:B-7726-7 |
||
| 999 |
_c27625 _d27625 |
||